Szczegóły MARC21

Demografia : podstawowe pojęcia, procesy i teorie w encyklopedycznym zarysie /

003 -Nazwa inst., której nr kontr. jest w polu 001 [,]
    • @
    • Nazwa instytucji, której n kontrolny jest w polu 001
    • NUKAT
005 -DATA I CZAS OSTATNIEJ MODYFIKACJI [,]
    • @
    • pole kontrolne
    • 20241231112824.0
020 -Międzynarod. znormalizowany nr książki - ISBN [ , ]
    • a
    • Numer ISBN
    • 837383074X Find
040 -Instytucja sporządzająca opis [ , ]
    • a
    • Instytucja, która sporządziła opis (NP)
    • WA U/96BG
    • c
    • Instytucja, która sporządziła rekord (NP)
    • WA U/BG
    • d
    • Instytucja, która zmodyfikowała rekord (P)
    • WA U/ACH
    • d
    • Instytucja, która zmodyfikowała rekord (P)
    • BYDG 020/AM
942 -Rodzaj dokumentu [ , ]
    • c
    • Rodzaj dokumentu
    • Książka
100 -Hasło główne - nazwa osobowa [1, ]
    • a
    • Nazwa osobowa (NP)
    • Okólski, Marek
    • d
    • Daty biograficzne (NP)
    • (1944- ).
    • 9
    • KHW
    • 1481
245 -Strefa tytułu i oznaczenia odpowiedzialności [1,0]
    • a
    • Tytuł
    • Demografia : Find
    • b
    • Ciąg dalszy tytułu (NP)
    • podstawowe pojęcia, procesy i teorie w encyklopedycznym zarysie / Find
    • c
    • Pozostałe elementy strefy tytułu i oznaczenia odpowiedzialności (NP)
    • Marek Okólski.
260 -Strefa adresu wydawniczego [ , ]
    • a
    • Miejsce wydania (P)
    • Warszawa :
    • b
    • Nazwa wydawcy (P)
    • Wydawnictwo Naukowe SCHOLAR,
    • c
    • Data wydania (P)
    • 2004.
300 -Strefa opisu fizycznego [ , ]
    • a
    • Określenie formy książki i/lub objętość (NP)
    • 238 s. :
    • b
    • Oznaczenie ilustracji (NP)
    • mapy, wykr. ;
    • c
    • Format (NP)
    • 24 cm.
336 -Typ zawartości [ , ]
    • a
    • Termin opisujący typ zawartości
    • Tekst
    • b
    • Kod określający zawartość
    • txt
    • 2
    • Źródło (terminu i kodu)
    • rdacontent
337 -Typ mediów [ , ]
    • a
    • Tryb odtwarzania
    • Bez urządzenia pośredniczącego
    • b
    • Kod typu mediów
    • n
    • 2
    • Źródło (terminu i kodu)
    • rdamedia
338 -Typ/rodzaj nośnika [ , ]
    • a
    • Hasło opisujące typ nośnika
    • Wolumin
    • b
    • Kod typu nośnika
    • nc
    • 2
    • Źródło (terminu i kodu)
    • rdacarrier
504 -Uwaga dot. bibliogr. załącznikowej [ , ]
    • a
    • Uwaga dot. bibliografii załącznikowej
    • Bibliogr. przy rozdz. i s. 237-238.
080 -Uniwersalna Klasyfikacja Dziesiętna [ , ]
    • a
    • Symbol klasyfikacji
    • 314
    • 9
    • UKD
    • 2724
    • 2
    • Identyfikator wydania tablic
    • UDC-P058
    • b
    • Dopowiedzenie
    • Demografia. Badanie ludności.
650 -Hasło przedmiotowe [ ,7]
    • a
    • Hasło przedmiotowe
    • Ludność.
    • 2
    • Źródło terminu
    • kaba
    • 9
    • KHW
    • 117766
650 -Hasło przedmiotowe [ ,7]
    • a
    • Hasło przedmiotowe
    • Demografia
    • x
    • Określnik rzeczowy
    • metodologia.
    • 2
    • Źródło terminu
    • kaba
    • 9
    • KHW
    • 105867
650 -Hasło przedmiotowe [ ,7]
    • a
    • Hasło przedmiotowe
    • Prognozy demograficzne.
    • 2
    • Źródło terminu
    • kaba
    • 9
    • KHW
    • 126085
650 -Hasło przedmiotowe [ ,7]
    • a
    • Hasło przedmiotowe
    • Polityka demograficzna.
    • 2
    • Źródło terminu
    • kaba
    • 9
    • KHW
    • 124647
980 -Symbol UKD [ , ]
    • a
    • UKD
    • 314
710 -Hasło dodatkowe - nazwa ciała zbiorowego [2, ]
    • a
    • Nazwa ciała zbiorowego lub nazwa geograficzna jako pierwszy element (NP)
    • Wydawnictwo Naukowe Scholar.
    • 4
    • Kod relacji
    • pbl
    • 9
    • KHW
    • 52854
920 -ISBN [ , ]
    • a
    • ISBN
    • 83-7383-074-X Find
Sygnatura Numer inwentarzowy Status udost. Data inwentaryzacji Lokalizacja
 E.69411-22004-10-07BE
Z.102599Z.10259912004-04-22BG
WM.2349WM.2349-62004-04-22BG
WM.2349WM.2350-92004-04-22BG
WM.2349WM.2351-92004-04-22BG
WM.2349WM.2906-92004-10-07BG
WM.2349WM.2907-92004-10-07BG
WM.2349WM.2908-92004-10-07BG
 F.3143012004-04-23BNS
T.8157T.8157-22004-10-07T